Mother pigeon and the baby black birds (KHMER) / (Record no. 48863)
| 000 -LEADER | |
|---|---|
| fixed length control field | 00343nam a2200121 4500 |
| 020 ## - INTERNATIONAL STANDARD BOOK NUMBER | |
| International Standard Book Number | 9789995002220 |
| 100 ## - MAIN ENTRY--PERSONAL NAME | |
| Personal name | Sok, Ralin |
| 9 (RLIN) | 80251 |
| 245 ## - TITLE STATEMENT | |
| Title | Mother pigeon and the baby black birds (KHMER) / |
| Statement of responsibility, etc | Sok Ralin |
| 260 ## - PUBLICATION, DISTRIBUTION, ETC. (IMPRINT) | |
| Place of publication, distribution, etc | Cambodia |
| Name of publisher, distributor, etc | PDH Bookshop |
| Date of publication, distribution, etc | 2012 |
| 300 ## - PHYSICAL DESCRIPTION | |
| Extent | 8 p. |
| Other physical details | col. ill. |
| Dimensions | 18 cm. |
| 650 ## - SUBJECT ADDED ENTRY--TOPICAL TERM | |
| Topical term or geographic name as entry element | Khmer Fiction |
| 9 (RLIN) | 80279 |
| 942 ## - ADDED ENTRY ELEMENTS (KOHA) | |
| Source of classification or shelving scheme | |
| Koha item type | Book |
| Withdrawn status | Lost status | Source of classification or shelving scheme | Damaged status | Not for loan | Collection code | Home library | Current library | Date acquired | Total Checkouts | Full call number | Barcode | Date last seen | Date checked out | Price effective from | Koha item type |
|---|---|---|---|---|---|---|---|---|---|---|---|---|---|---|---|
| Siem Riep | Asian Hope Primary Library | Asian Hope Primary Library | 04/23/2025 | 6 | KHMER E SOK | 206747 | 03/05/2026 | 02/19/2026 | 04/23/2025 | Book |